Name all League 2 teams - First and Last letter - Statistics

General Stats
  • This quiz has been taken 5 times
  • The average score is 11 of 25
Answer Stats
First letter Team Last letter % Correct
C Carlisle United D
80%
C Colchester United D
80%
E Exeter City Y
80%
T Tranmere Rovers S
80%
B Bradford City Y
60%
C Cambridge United D
60%
G Grimsby Town N
60%
N Newport County Y
60%
O Oldhm Athletic C
60%
S Southend United D
60%
S Stevenage E
60%
C Crawley Town N
40%
F Forest Green Rovers S
40%
H Harrogate Town N
40%
M Mansfield Town N
40%
S Scunthorpe United D
40%
B Barrow W
20%
C Cheltenham Town N
20%
L Leyton Orient T
20%
M Morecambe E
20%
P Port Vale E
20%
S Salford City Y
20%
B Bolton Wanderers S
0%
M Macclesfield Town N
0%
N Notts County Y
0%
No matching quizzes found
Score Distribution
Percent of People with Each Score
Percentile by Number Answered
Your Score History
You have not taken this quiz